[Event "HUN-chT2 Breyer 2324"]
[Site "Hungary"]
[Date "2024.04.21"]
[Round "8.8"]
[White "Gal, Lajos"]
[Black "Frank, Balint"]
[Result "0-1"]
[WhiteElo "1869"]
[BlackElo "1921"]
[PlyCount "38"]
[EventDate "2023.10.08"]
[EventType "team-tourn"]
[EventRounds "9"]
[EventCountry "HUN"]
[SourceTitle "EXT 2025"]
[Source "ChessBase"]
[SourceDate "2024.10.14"]
[SourceVersion "1"]
[SourceVersionDate "2024.10.14"]
[SourceQuality "1"]
[WhiteTeam "Nyergesujfalu"]
[BlackTeam "Varosgazda Akademia"]
[WhiteTeamCountry "HUN"]
[BlackTeamCountry "HUN"]

1. e4 e5 2. d4 exd4 3. Nf3 Nc6 4. Bc4 Bc5 5. c3 Nf6 6. e5 d5 7. Bb5 Ne4 8. Nxd4 0-0 9. Bxc6 bxc6 10. 0-0 Ba6 11. Re1 Qh4 12. Be3 f5 13. g3 Qh3 14. Qf3 Bxd4 15. cxd4 f4 16. Bd2 Ng5 17. Qg2 fxg3 18. Qxh3 gxf2+ 19. Kg2 f1Q+ 0-1

[Event "HUN-chT2 Breyer 2324"]
[Site "Hungary"]
[Date "2024.03.10"]
[Round "6.7"]
[White "Kossela, Peter"]
[Black "Gal, Lajos"]
[Result "1-0"]
[WhiteElo "1990"]
[BlackElo "1878"]
[PlyCount "87"]
[EventDate "2023.10.08"]
[EventType "team-tourn"]
[EventRounds "9"]
[EventCountry "HUN"]
[SourceTitle "EXT 2025"]
[Source "ChessBase"]
[SourceDate "2024.10.14"]
[SourceVersion "1"]
[SourceVersionDate "2024.10.14"]
[SourceQuality "1"]
[WhiteTeam "Naszaly Geniusz Tata"]
[BlackTeam "Nyergesujfalu"]
[WhiteTeamCountry "HUN"]
[BlackTeamCountry "HUN"]

1. e4 d5 2. exd5 Nf6 3. d4 Nxd5 4. Nf3 Bg4 5. Bc4 e6 6. 0-0 Be7 7. c3 Nd7 8. Nbd2 0-0 9. Re1 Re8 10. Nf1 c6 11. Ng3 Bd6 12. h3 Bxg3 13. fxg3 Bf5 14. Nh4 Bg6 15. Nxg6 hxg6 16. Qf3 b5 17. Bd3 a6 18. Rf1 f5 19. g4 Qh4 20. Bf4 Nxf4 21. Qxf4 e5 22. dxe5 Nxe5 23. Bc2 fxg4 24. hxg4 Kh7 25. g5 Qxf4 26. Rxf4 c5 27. Re4 Re7 28. Rae1 Rae8 29. c4 Nc6 30. Rh4+ Kg8 31. Be4 Ne5 32. Bd5+ Nf7 33. Rf1 Rd8 34. Rhf4 Rf8 35. cxb5 axb5 36. b4 c4 37. a4 c3 38. axb5 c2 39. b6 Rd7 40. Bb3 Rc8 41. Rxf7 Rxf7 42. Bxf7+ Kh7 43. Rc1 Rb8 44. Kf2 1-0

[Event "HUN-chT2 Breyer 2324"]
[Site "Hungary"]
[Date "2024.03.03"]
[Round "5.8"]
[White "Horvath, Csaba2"]
[Black "Gal, Lajos"]
[Result "1/2-1/2"]
[WhiteElo "1809"]
[BlackElo "1878"]
[PlyCount "51"]
[EventDate "2023.10.08"]
[EventType "team-tourn"]
[EventRounds "9"]
[EventCountry "HUN"]
[SourceTitle "EXT 2025"]
[Source "ChessBase"]
[SourceDate "2024.10.14"]
[SourceVersion "1"]
[SourceVersionDate "2024.10.14"]
[SourceQuality "1"]
[WhiteTeam "Zsambek"]
[BlackTeam "Nyergesujfalu"]
[WhiteTeamCountry "HUN"]
[BlackTeamCountry "HUN"]

1. d4 d5 2. c4 e6 3. Nc3 Nf6 4. Bg5 Be7 5. Nf3 0-0 6. e3 b6 7. cxd5 Nxd5 8. Bxe7 Nxe7 9. Bd3 Nd7 10. Qc2 f5 11. Ng5 Nf6 12. 0-0-0 h6 13. Nf3 Bb7 14. Ne5 Rc8 15. f4 Nfd5 16. Qe2 c5 17. Nxd5 Nxd5 18. dxc5 Rxc5+ 19. Kb1 a6 20. Bxa6 Qa8 21. Bxb7 Qxb7 22. Rc1 Rfc8 23. Rxc5 Rxc5 24. Qh5 Nf6 25. Qf3 Ne4 26. Rd1 1/2-1/2

[Event "HUN-chT2 Breyer 2324"]
[Site "Hungary"]
[Date "2023.12.10"]
[Round "3.4"]
[White "Thierry, Edvard"]
[Black "Gal, Lajos"]
[Result "1/2-1/2"]
[WhiteElo "1846"]
[BlackElo "1804"]
[PlyCount "77"]
[EventDate "2023.10.08"]
[EventType "team-tourn"]
[EventRounds "9"]
[EventCountry "HUN"]
[SourceTitle "EXT 2025"]
[Source "ChessBase"]
[SourceDate "2024.10.14"]
[SourceVersion "1"]
[SourceVersionDate "2024.10.14"]
[SourceQuality "1"]
[WhiteTeam "Budapest MTK II"]
[BlackTeam "Nyergesujfalu"]
[WhiteTeamCountry "HUN"]
[BlackTeamCountry "HUN"]

1. e4 d5 2. exd5 Nf6 3. d4 Nxd5 4. c4 Nb6 5. Nc3 e6 6. Bf4 Bd6 7. Be3 Be7 8. Nf3 0-0 9. Bd3 a5 10. Qc2 h6 11. h4 Na6 12. a3 c5 13. 0-0-0 Kh8 14. Qd2 cxd4 15. Bxd4 Bf6 16. Bxf6 Qxf6 17. Ne4 Qf5 18. Qe3 Na4 19. Nc3 Nxc3 20. Bxf5 Nxd1 21. Rxd1 exf5 22. Qb6 Be6 23. Ne5 a4 24. Rd6 Rfc8 25. Qxb7 Nc5 26. Qf3 Rab8 27. Kb1 Rb3 28. Nxf7+ Kg8 29. Nxh6+ gxh6 30. Qh5 Kg7 31. g4 Rcb8 32. gxf5 Rxb2+ 33. Kc1 Rb1+ 34. Kd2 Ne4+ 35. Ke3 Nxd6 36. Qg6+ Kf8 37. Qxh6+ Kg8 38. Qg6+ Kh8 39. Qh6+ 1/2-1/2

[Event "HUN-chT2 Breyer 2223"]
[Site "Hungary"]
[Date "2023.02.19"]
[Round "8.5"]
[White "Gal, Lajos"]
[Black "Paal, Gergely"]
[Result "0-1"]
[WhiteElo "1840"]
[BlackElo "1974"]
[PlyCount "58"]
[EventDate "2022.10.16"]
[EventType "team-tourn"]
[EventRounds "11"]
[EventCountry "HUN"]
[SourceTitle "EXT 2025"]
[Source "ChessBase"]
[SourceDate "2024.10.14"]
[SourceVersion "1"]
[SourceVersionDate "2024.10.14"]
[SourceQuality "1"]
[WhiteTeam "Nyergesujfalu"]
[BlackTeam "Barcza BEAC"]
[WhiteTeamCountry "HUN"]
[BlackTeamCountry "HUN"]

1. e4 c5 2. Nf3 e6 3. d4 cxd4 4. Nxd4 Nf6 5. Bd3 d5 6. e5 Nfd7 7. f4 Bc5 8. Nb3 Qb6 9. Qe2 Nc6 10. c3 0-0 11. N1d2 f6 12. exf6 Rxf6 13. Nf3 e5 14. Nxc5 Qxc5 15. fxe5 Ndxe5 16. Be3 Qa5 17. Nxe5 Nxe5 18. h3 Nxd3+ 19. Qxd3 Bf5 20. Qd2 Be4 21. Rf1 Raf8 22. Rxf6 Rxf6 23. Bd4 Rf8 24. b4 Qb5 25. 0-0-0 a5 26. Qg5 Qd7 27. a3 Rf7 28. Kb2 a4 29. Re1 Qc7 0-1

[Event "HUN-chT2 Breyer 2223"]
[Site "Hungary"]
[Date "2023.01.29"]
[Round "6.7"]
[White "Gal, Lajos"]
[Black "Udvardi, Istvan Jr"]
[Result "0-1"]
[WhiteElo "1840"]
[BlackElo "1882"]
[PlyCount "46"]
[EventDate "2022.10.16"]
[EventType "team-tourn"]
[EventRounds "11"]
[EventCountry "HUN"]
[SourceTitle "EXT 2025"]
[Source "ChessBase"]
[SourceDate "2024.10.14"]
[SourceVersion "1"]
[SourceVersionDate "2024.10.14"]
[SourceQuality "1"]
[WhiteTeam "Nyergesujfalu"]
[BlackTeam "Tatabanya"]
[WhiteTeamCountry "HUN"]
[BlackTeamCountry "HUN"]

1. f4 e5 2. d3 exf4 3. Bxf4 d5 4. g3 Nf6 5. Bg2 c6 6. Nd2 Nh5 7. Bxb8 Rxb8 8. e4 Nf6 9. Qe2 Be6 10. Ngf3 Qb6 11. 0-0-0 d4 12. Nc4 Qc5 13. e5 Nd5 14. Qe4 b5 15. Nd6+ Bxd6 16. exd6 Nc3 17. bxc3 dxc3 18. Rdf1 0-0 19. Qd4 Qa3+ 20. Kd1 Qb2 21. Qf4 b4 22. Qc1 Qxa2 23. Nd4 b3 0-1

[Event "HUN-chT2 Breyer 2223"]
[Site "Hungary"]
[Date "2022.12.18"]
[Round "5.6"]
[White "Gal, Lajos"]
[Black "Palinkas, Tamas"]
[Result "0-1"]
[WhiteElo "1840"]
[BlackElo "1734"]
[PlyCount "74"]
[EventDate "2022.10.16"]
[EventType "team-tourn"]
[EventRounds "11"]
[EventCountry "HUN"]
[SourceTitle "EXT 2025"]
[Source "ChessBase"]
[SourceDate "2024.10.14"]
[SourceVersion "1"]
[SourceVersionDate "2024.10.14"]
[SourceQuality "1"]
[WhiteTeam "Nyergesujfalu"]
[BlackTeam "Torokbalint"]
[WhiteTeamCountry "HUN"]
[BlackTeamCountry "HUN"]

1. f4 d5 2. Nf3 Nf6 3. e3 g6 4. b3 Bg7 5. Bb2 0-0 6. g3 Bg4 7. h3 Bxf3 8. Qxf3 c6 9. Bg2 Nbd7 10. 0-0 Ne4 11. Bxg7 Kxg7 12. d3 Nef6 13. Nd2 Qa5 14. Qf2 Qc3 15. Rfc1 e5 16. e4 exf4 17. gxf4 dxe4 18. dxe4 Nh5 19. Nc4 f6 20. Re1 Rab8 21. Rad1 Nb6 22. Rd3 Qb4 23. c3 Qb5 24. Bf1 Nxc4 25. bxc4 Qa5 26. Be2 Qxa2 27. Qh4 Qa5 28. f5 Qc5+ 29. Kg2 Rbd8 30. Red1 Rxd3 31. Rxd3 Qe7 32. Bxh5 gxh5 33. Re3 Qf7 34. c5 Kh8 35. Rd3 Qc4 36. Re3 Rg8+ 37. Kh2 Qa2+ 0-1

[Event "HUN-chT2 Breyer 2122"]
[Site "Hungary"]
[Date "2022.02.13"]
[Round "6.3"]
[White "Palczert, Botond"]
[Black "Gal, Lajos"]
[Result "1/2-1/2"]
[WhiteElo "2102"]
[BlackElo "1863"]
[PlyCount "205"]
[EventDate "2021.10.10"]
[EventType "team-tourn"]
[EventRounds "9"]
[EventCountry "HUN"]
[SourceTitle "EXT 2025"]
[Source "ChessBase"]
[SourceDate "2024.10.14"]
[SourceVersion "1"]
[SourceVersionDate "2024.10.14"]
[SourceQuality "1"]
[WhiteTeam "Barcza BEAC"]
[BlackTeam "Nyergesujfalu"]
[WhiteTeamCountry "HUN"]
[BlackTeamCountry "HUN"]

1. d4 d5 2. c4 e6 3. Nc3 Nf6 4. cxd5 exd5 5. Bg5 Be7 6. e3 c6 7. Bd3 Be6 8. h3 Nbd7 9. Qc2 Qa5 10. Nf3 Rc8 11. 0-0 h6 12. Bh4 Bd6 13. Ne2 0-0 14. Nf4 Qc7 15. Rfc1 g5 16. Nxe6 fxe6 17. Bxg5 hxg5 18. Nxg5 Rfe8 19. Bh7+ Kf8 20. Qg6 Re7 21. Qh6+ Ke8 22. Bg6+ Kd8 23. Qh8+ Ne8 24. Bxe8 Rxe8 25. Nxe6+ Ke7 26. Qxe8+ Rxe8 27. Nxc7 Bxc7 28. g4 Kf6 29. Kg2 Kg5 30. f4+ Kh4 31. Kf3 Nf6 32. Rc2 Ne4 33. Rg1 Nd6 34. Re2 Rf8 35. g5 Nf5 36. g6 Ng7 37. Rg5 Bd8 38. Rg4+ Kh5 39. e4 dxe4+ 40. Rxe4 Bf6 41. Re5+ Kh6 42. Ke4 Bxe5 43. dxe5 c5 44. h4 Rd8 45. Rg5 Ne6 46. Rf5 c4 47. Rf7 Rd4+ 48. Kf3 Rd3+ 49. Kg4 Rd4 50. h5 Ng7 51. Rf8 Ne6 52. Rf7 Ng7 53. e6 b5 54. e7 Re4 55. Rf8 Nxh5 56. e8Q Rxe8 57. Rf5 Ng7 58. Rxb5 Kxg6 59. Ra5 Rb8 60. Rxa7 Rxb2 61. f5+ Kf6 62. Ra6+ Kf7 63. Ra7+ Kf8 64. Rc7 Rg2+ 65. Kf3 Rxa2 66. Rxc4 Kf7 67. Ke4 Ne8 68. Rb4 Nf6+ 69. Kf3 Nd5 70. Rd4 Ra5 71. Rh4 Kf6 72. Rh6+ Kxf5 73. Rh4 Ke6 74. Rh6+ Nf6 75. Ke3 Ke5 76. Kd3 Rc5 77. Kd2 Rd5+ 78. Ke3 Ra5 79. Kd3 Ra3+ 80. Kc4 Ra7 81. Rh1 Rc7+ 82. Kd3 Kd5 83. Ra1 Nd7 84. Ke3 Nc5 85. Ra8 Re7+ 86. Kf3 Kd4 87. Rd8+ Nd7 88. Ra8 Ne5+ 89. Ke2 Nc4+ 90. Kf3 Rf7+ 91. Kg3 Ke4 92. Re8+ Ne5 93. Ra8 Rg7+ 94. Kf2 Nd3+ 95. Ke2 Rg2+ 96. Kd1 Nb2+ 97. Kc1 Nc4 98. Rd8 Ne3 99. Rd7 Rc2+ 100. Kb1 Rc8 101. Kb2 Nc4+ 102. Kb3 Ne5 103. Rh7 1/2-1/2

[Event "HUN-chT2 Breyer 2122"]
[Site "Hungary"]
[Date "2021.12.19"]
[Round "4.5"]
[White "Dibusz, Ferenc"]
[Black "Gal, Lajos"]
[Result "1-0"]
[WhiteElo "2167"]
[BlackElo "1863"]
[PlyCount "67"]
[EventDate "2021.10.10"]
[EventType "team-tourn"]
[EventRounds "9"]
[EventCountry "HUN"]
[SourceTitle "EXT 2025"]
[Source "ChessBase"]
[SourceDate "2024.10.14"]
[SourceVersion "1"]
[SourceVersionDate "2024.10.14"]
[SourceQuality "1"]
[WhiteTeam "Naszaly Geniusz Tata"]
[BlackTeam "Nyergesujfalu"]
[WhiteTeamCountry "HUN"]
[BlackTeamCountry "HUN"]

1. c4 e6 2. Nc3 d5 3. d4 Nf6 4. Nf3 b6 5. e3 Bb7 6. Bd2 Nbd7 7. Rc1 c5 8. cxd5 exd5 9. dxc5 Bxc5 10. a3 a6 11. b4 Be7 12. Qb3 0-0 13. Be2 Qb8 14. 0-0 Rd8 15. h3 Nf8 16. Rfd1 Ne6 17. Na4 Rd6 18. Bc3 Nd7 19. Ne5 Bd8 20. Bg4 b5 21. Nxd7 Rxd7 22. Nc5 Nxc5 23. bxc5 Re7 24. c6 Bxc6 25. Qb2 Qd6 26. Bxg7 f5 27. Bf3 Rd7 28. Be5 Qe6 29. Rxc6 Qxc6 30. Qd4 Be7 31. Bh8 Bxa3 32. Qe5 Rf8 33. Bxd5+ Rxd5 34. Qg7# 1-0

[Event "HUN-chT2 Breyer 2122"]
[Site "Hungary"]
[Date "2021.10.31"]
[Round "2.3"]
[White "Fellegi, Zoltan"]
[Black "Gal, Lajos"]
[Result "1/2-1/2"]
[WhiteElo "2011"]
[BlackElo "1863"]
[PlyCount "125"]
[EventDate "2021.10.10"]
[EventType "team-tourn"]
[EventRounds "9"]
[EventCountry "HUN"]
[SourceTitle "EXT 2025"]
[Source "ChessBase"]
[SourceDate "2024.10.14"]
[SourceVersion "1"]
[SourceVersionDate "2024.10.14"]
[SourceQuality "1"]
[WhiteTeam "Fehervar"]
[BlackTeam "Nyergesujfalu"]
[WhiteTeamCountry "HUN"]
[BlackTeamCountry "HUN"]

1. Nf3 d5 2. g3 Nc6 3. Bg2 e5 4. d3 f5 5. c3 Nf6 6. 0-0 Be6 7. Ng5 Bg8 8. d4 e4 9. f3 h6 10. Nh3 g5 11. fxe4 fxe4 12. c4 Bg7 13. cxd5 Bxd5 14. e3 Qd7 15. Nc3 0-0-0 16. b3 Nb4 17. Ba3 Nd3 18. Nxe4 Nxe4 19. Qxd3 Rhe8 20. Rae1 Kb8 21. Nf2 Nxf2 22. Kxf2 Bxg2 23. Kxg2 Qd5+ 24. Kg1 Re4 25. Qc4 Qxc4 26. bxc4 Rde8 27. Kf2 b6 28. c5 Kb7 29. cxb6 axb6 30. Bc1 Kc6 31. Rd1 Kd5 32. Kg2 c6 33. Rd3 Ra8 34. Rf2 Bf8 35. Rc2 Bd6 36. Rb3 b5 37. Rbc3 Ra6 38. h3 h5 39. Rf2 Ke6 40. Rcc2 g4 41. h4 b4 42. Rc4 Kd5 43. Rcc2 Ke6 44. Rf1 Rb6 45. Rcf2 Ra6 46. Rf6+ Ke7 47. Rf7+ Ke8 48. R7f2 Ke7 49. Rb2 Ke6 50. Rd1 Kd5 51. Rf2 Ke6 52. Rd3 Ra5 53. Rb3 Ra6 54. Rfb2 Ra4 55. Rc2 Kd5 56. Rd3 Re7 57. Rf2 Rea7 58. Rdd2 Ke4 59. Rc2 R7a6 60. Rfe2 Be7 61. Rf2 Bd6 62. Rfe2 Be7 63. Rf2 1/2-1/2

[Event "Zalakaros Barczay Memorial"]
[Site "Zalakaros"]
[Date "2020.08.31"]
[Round "1"]
[White "Horvath, Adam"]
[Black "Gal, Lajos"]
[Result "1/2-1/2"]
[WhiteElo "2488"]
[BlackElo "1897"]
[PlyCount "45"]
[EventDate "2020.08.31"]
[EventType "swiss"]
[EventRounds "7"]
[EventCountry "HUN"]
[SourceTitle "CBM 198 Extra"]
[Source "ChessBase"]
[SourceDate "2020.11.30"]
[SourceVersion "1"]
[SourceVersionDate "2020.11.30"]
[SourceQuality "1"]

1. e4 e5 2. Nf3 Nf6 3. Nxe5 d6 4. Nf3 Nxe4 5. Nc3 Nxc3 6. dxc3 Be7 7. Bf4 Be6 8. Nd4 Bd7 9. Bd3 Qc8 10. 0-0 0-0 11. Qh5 g6 12. Qf3 Bg4 13. Qe4 Bf6 14. Rfe1 Na6 15. Bh6 Nc5 16. Qf4 Bg7 17. Bxg7 Kxg7 18. Re7 Nxd3 19. cxd3 Kg8 20. Rae1 Bd7 21. Qh6 Re8 22. Nf3 Rxe7 23. Rxe7 1/2-1/2

[Event "HUN-chT2 Breyer 1819"]
[Site "Hungary"]
[Date "2019.03.31"]
[Round "8.7"]
[White "Gal, Lajos"]
[Black "Nadi, Ferenc"]
[Result "0-1"]
[WhiteElo "1887"]
[BlackElo "2006"]
[PlyCount "86"]
[EventDate "2018.10.28"]
[EventType "team-tourn"]
[EventRounds "9"]
[EventCountry "HUN"]
[SourceTitle "EXT 2021"]
[Source "ChessBase"]
[SourceDate "2020.10.23"]
[SourceVersion "1"]
[SourceVersionDate "2020.10.23"]
[SourceQuality "1"]
[WhiteTeam "Nyergesujfalu"]
[BlackTeam "Szekesfehervar"]
[WhiteTeamCountry "HUN"]
[BlackTeamCountry "HUN"]

1. f4 d5 2. Nf3 g6 3. d4 Bg7 4. e3 Nf6 5. Bd3 0-0 6. Nbd2 b6 7. Ne5 Bb7 8. 0-0 e6 9. Qf3 Nbd7 10. g4 c5 11. g5 Ne8 12. c3 f6 13. gxf6 Nexf6 14. Qh3 Qe7 15. Ndf3 Ne4 16. Bxe4 Nxe5 17. dxe5 dxe4 18. Ng5 h6 19. Qxe6+ Qxe6 20. Nxe6 Rf5 21. c4 Bh8 22. Rd1 Re8 23. Nc7 Re7 24. Nb5 Bc6 25. Nd6 Rf8 26. Bd2 g5 27. h4 gxf4 28. exf4 Bxe5 29. fxe5 Rg7+ 30. Bg5 hxg5 31. h5 Re7 32. Rf1 Rf4 33. Rxf4 gxf4 34. Rf1 f3 35. Kf2 Rxe5 36. Ke3 Rxh5 37. Kf4 Rh2 38. Nf5 Kf7 39. Rg1 Rxb2 40. Ke5 Rg2 41. Rh1 Rg5 42. Kf4 Rxf5+ 43. Kxf5 f2 0-1

[Event "HUN-chT2 Breyer 1819"]
[Site "Hungary"]
[Date "2019.02.24"]
[Round "6.5"]
[White "Gal, Lajos"]
[Black "Szabo, Lajos"]
[Result "1/2-1/2"]
[WhiteElo "1887"]
[BlackElo "2013"]
[PlyCount "23"]
[EventDate "2018.10.28"]
[EventType "team-tourn"]
[EventRounds "9"]
[EventCountry "HUN"]
[SourceTitle "CBM 189 Extra"]
[Source "ChessBase"]
[SourceDate "2019.05.31"]
[SourceVersion "1"]
[SourceVersionDate "2019.05.31"]
[SourceQuality "1"]
[WhiteTeam "Nyergesujfalu"]
[BlackTeam "Esztergom"]
[WhiteTeamCountry "HUN"]
[BlackTeamCountry "HUN"]

1. f4 Nf6 2. Nf3 e6 3. d4 d5 4. e3 Be7 5. Bd3 0-0 6. 0-0 Nbd7 7. Nbd2 c5 8. c3 Qc7 9. Qe2 b6 10. Ne5 Bb7 11. b3 Rac8 12. Bb2 1/2-1/2

[Event "HUN-chT2 Breyer 1819"]
[Site "Hungary"]
[Date "2018.12.02"]
[Round "3.7"]
[White "Farkas, Ferenc"]
[Black "Gal, Lajos"]
[Result "1/2-1/2"]
[WhiteElo "1865"]
[BlackElo "1887"]
[PlyCount "66"]
[EventDate "2018.10.28"]
[EventType "team-tourn"]
[EventRounds "9"]
[EventCountry "HUN"]
[SourceTitle "CBM 189 Extra"]
[Source "ChessBase"]
[SourceDate "2019.05.31"]
[SourceVersion "1"]
[SourceVersionDate "2019.05.31"]
[SourceQuality "1"]
[WhiteTeam "Kisber Aszar"]
[BlackTeam "Nyergesujfalu"]
[WhiteTeamCountry "HUN"]
[BlackTeamCountry "HUN"]

1. d4 d5 2. c4 c6 3. e3 e6 4. Nf3 Nf6 5. Bd3 b6 6. 0-0 Be7 7. Re1 0-0 8. b3 Bb7 9. Nc3 c5 10. cxd5 cxd4 11. Nxd4 Nxd5 12. Nxd5 Qxd5 13. Qf3 Qxf3 14. Nxf3 Bf6 15. Ba3 Rd8 16. Rad1 Na6 17. Bc4 g6 18. Bd6 Nc5 19. Bxc5 bxc5 20. Rc1 Rac8 21. Kf1 Kf8 22. Ke2 Ke7 23. Red1 Rd6 24. Rxd6 Kxd6 25. Ne1 Kc6 26. f3 Kb6 27. Nd3 Rc7 28. Rc2 e5 29. e4 Bg7 30. Bd5 Ba6 31. Bc4 Bc8 32. Bd5 Ba6 33. Bc4 Bc8 1/2-1/2

[Event "HUN-chT2 Breyer 1718"]
[Site "Hungary"]
[Date "2018.03.04"]
[Round "9.3"]
[White "Gal, Lajos"]
[Black "Molnar, Aurel"]
[Result "0-1"]
[WhiteElo "1962"]
[BlackElo "2181"]
[PlyCount "84"]
[EventDate "2017.09.24"]
[EventType "team-tourn"]
[EventRounds "11"]
[EventCountry "HUN"]
[SourceTitle "EXT 2021"]
[Source "ChessBase"]
[SourceDate "2020.10.23"]
[SourceVersion "1"]
[SourceVersionDate "2020.10.23"]
[SourceQuality "1"]
[WhiteTeam "Nyergesujfalu"]
[BlackTeam "Torokbalint"]
[WhiteTeamCountry "HUN"]
[BlackTeamCountry "HUN"]

1. f4 e5 2. d3 exf4 3. Bxf4 d5 4. e3 Nf6 5. Be2 Bd6 6. Bg5 h6 7. Bh4 c6 8. Bf2 Qc7 9. h3 Bg3 10. Qc1 h5 11. Nd2 h4 12. Nf1 Bxf2+ 13. Kxf2 Nbd7 14. c4 dxc4 15. Qxc4 Ne5 16. Qf4 Qe7 17. Nf3 Ng6 18. Qc4 Bd7 19. Rc1 Nd5 20. Qd4 0-0 21. Qc5 Qe6 22. Rc4 b6 23. Qa3 c5 24. Re4 Qd6 25. Qb3 Nf6 26. Rxh4 Nxh4 27. Nxh4 Be6 28. Qc3 c4 29. Nd2 cxd3 30. Qxd3 Qb4 31. Qd4 Qxd2 32. Qxd2 Ne4+ 33. Ke1 Nxd2 34. Kxd2 Rfd8+ 35. Kc3 Rac8+ 36. Kb4 Rc2 37. Bg4 Rxb2+ 38. Kc3 Rxa2 39. Bxe6 fxe6 40. g4 Ra3+ 41. Kc4 Rxe3 42. Kb5 g5 0-1

[Event "HUN-chT2 Breyer 1718"]
[Site "Hungary"]
[Date "2018.01.28"]
[Round "7.3"]
[White "Gal, Lajos"]
[Black "Szanto, Levente"]
[Result "1/2-1/2"]
[WhiteElo "1962"]
[BlackElo "1959"]
[PlyCount "38"]
[EventDate "2017.09.24"]
[EventType "team-tourn"]
[EventRounds "11"]
[EventCountry "HUN"]
[SourceTitle "EXT 2021"]
[Source "ChessBase"]
[SourceDate "2020.10.23"]
[SourceVersion "1"]
[SourceVersionDate "2020.10.23"]
[SourceQuality "1"]
[WhiteTeam "Nyergesujfalu"]
[BlackTeam "Tatabanya Turul"]
[WhiteTeamCountry "HUN"]
[BlackTeamCountry "HUN"]

1. f4 e5 2. d3 Nc6 3. Nf3 d6 4. e4 g6 5. Be2 Bg7 6. Nc3 Nge7 7. Be3 Be6 8. Ng5 Bd7 9. Qd2 h6 10. Nf3 Be6 11. d4 exd4 12. Nxd4 Qd7 13. h3 h5 14. Rg1 0-0-0 15. g4 hxg4 16. hxg4 Rh2 17. f5 Bc4 18. Qd1 Bxe2 19. Ncxe2 d5 1/2-1/2

[Event "HUN-chT2 Breyer 1718"]
[Site "Hungary"]
[Date "2017.10.08"]
[Round "2.5"]
[White "Gal, Lajos"]
[Black "Szabo, Lajos"]
[Result "1/2-1/2"]
[WhiteElo "1962"]
[BlackElo "2009"]
[PlyCount "29"]
[EventDate "2017.09.24"]
[EventType "team-tourn"]
[EventRounds "11"]
[EventCountry "HUN"]
[SourceTitle "EXT 2021"]
[Source "ChessBase"]
[SourceDate "2020.10.23"]
[SourceVersion "1"]
[SourceVersionDate "2020.10.23"]
[SourceQuality "1"]
[WhiteTeam "Nyergesujfalu"]
[BlackTeam "Esztergom"]
[WhiteTeamCountry "HUN"]
[BlackTeamCountry "HUN"]

1. f4 d5 2. Nf3 Nf6 3. e3 e6 4. b3 c5 5. Bb5+ Bd7 6. Qe2 Be7 7. Ne5 Nc6 8. Bxc6 Bxc6 9. Bb2 0-0 10. d3 Rc8 11. Nd2 Nd7 12. 0-0 Re8 13. Ndf3 b6 14. Nxc6 Rxc6 15. Ne5 1/2-1/2

[Event "HUN-chT2 Breyer 1617"]
[Site "Hungary"]
[Date "2017.04.09"]
[Round "9.4"]
[White "Mullner, Imre"]
[Black "Gal, Lajos"]
[Result "1/2-1/2"]
[WhiteElo "2127"]
[BlackElo "1942"]
[PlyCount "76"]
[EventDate "2016.10.30"]
[EventType "team-tourn"]
[EventRounds "9"]
[EventCountry "HUN"]
[SourceTitle "EXT 2021"]
[Source "ChessBase"]
[SourceDate "2020.10.23"]
[SourceVersion "1"]
[SourceVersionDate "2020.10.23"]
[SourceQuality "1"]
[WhiteTeam "Budapest MLTC"]
[BlackTeam "Nyergesujfalu"]
[WhiteTeamCountry "HUN"]
[BlackTeamCountry "HUN"]

1. e4 e5 2. Nf3 Nf6 3. d4 Nxe4 4. Bd3 d5 5. Nxe5 Nd7 6. Nxd7 Bxd7 7. Qe2 Qe7 8. f3 Nd6 9. Bg5 Qxe2+ 10. Kxe2 f6 11. Bf4 0-0-0 12. c3 g5 13. Bd2 h5 14. Na3 Re8+ 15. Kf2 Bf5 16. Bxf5+ Nxf5 17. Nc2 Bd6 18. Ne3 Nxe3 19. Bxe3 Re6 20. Rae1 Rhe8 21. g3 Kd7 22. Bd2 Rxe1 23. Rxe1 Rxe1 24. Bxe1 Ke6 25. h3 Kf5 26. g4+ Kg6 27. Ke3 f5 28. Kd3 hxg4 29. hxg4 f4 30. c4 c6 31. a4 Kf6 32. b3 Ke6 33. Bc3 Be7 34. Ba5 b6 35. Bc3 a6 36. Bd2 Kd7 37. Bc3 Ke6 38. Bd2 Kd7 1/2-1/2

[Event "HUN-chT2 Breyer 1516"]
[Site "Hungary"]
[Date "2016.04.03"]
[Round "10.4"]
[White "Gal, Lajos"]
[Black "Koncz, Imre"]
[Result "1/2-1/2"]
[WhiteElo "1954"]
[BlackElo "2136"]
[PlyCount "54"]
[EventDate "2015.09.13"]
[EventType "team-tourn"]
[EventRounds "11"]
[EventCountry "HUN"]
[SourceTitle "EXT 2017"]
[Source "ChessBase"]
[SourceDate "2016.10.25"]
[SourceVersion "1"]
[SourceVersionDate "2016.10.25"]
[SourceQuality "1"]
[WhiteTeam "Nyergesujfalu"]
[BlackTeam "Szazhalombatta"]
[WhiteTeamCountry "HUN"]
[BlackTeamCountry "HUN"]

1. f4 d5 2. Nf3 g6 3. d4 Bg7 4. c3 Nf6 5. g3 Nbd7 6. Bg2 Ne4 7. Nbd2 Ndf6 8. Ng5 Nd6 9. 0-0 Bf5 10. Re1 h6 11. Nh3 Nde4 12. Nxe4 Bxe4 13. Bxe4 Nxe4 14. Nf2 Nxf2 15. Kxf2 Qd7 16. e4 dxe4 17. Qb3 c6 18. Rxe4 h5 19. h4 0-0 20. Bd2 c5 21. Be3 cxd4 22. Bxd4 e6 23. Bxg7 Kxg7 24. Rd4 Qe7 25. Rad1 b6 26. Qb4 Qxb4 27. Rxb4 Rfd8 1/2-1/2

[Event "HUN-chT2 Breyer 1516"]
[Site "Hungary"]
[Date "2016.02.14"]
[Round "7.2"]
[White "Budai, David"]
[Black "Gal, Lajos"]
[Result "1-0"]
[WhiteElo "2269"]
[BlackElo "1954"]
[PlyCount "71"]
[EventDate "2015.09.13"]
[EventType "team-tourn"]
[EventRounds "11"]
[EventCountry "HUN"]
[SourceTitle "EXT 2017"]
[Source "ChessBase"]
[SourceDate "2016.10.25"]
[SourceVersion "1"]
[SourceVersionDate "2016.10.25"]
[SourceQuality "1"]
[WhiteTeam "Biatorbagy"]
[BlackTeam "Nyergesujfalu"]
[WhiteTeamCountry "HUN"]
[BlackTeamCountry "HUN"]

1. Nf3 d5 2. c4 e6 3. g3 c6 4. Bg2 Nd7 5. b3 e5 6. 0-0 g6 7. cxd5 cxd5 8. Nc3 e4 9. Nd4 Nb6 10. d3 Bg7 11. e3 f5 12. a4 a5 13. Ba3 Ne7 14. Rc1 Bxd4 15. exd4 Bd7 16. f3 exf3 17. Re1 fxg2 18. Rxe7+ Qxe7 19. Bxe7 Kxe7 20. Qe2+ Kf7 21. Qe5 Rac8 22. Kxg2 Rhe8 23. Qf4 Rc6 24. Nb5 Re2+ 25. Kf3 Rce6 26. Rc7 Kf6 27. h4 Re1 28. Rc1 R1e2 29. Nd6 Bc6 30. Ne4+ dxe4+ 31. Kxe2 exd3+ 32. Kxd3 Be4+ 33. Kd2 Nd5 34. Qg5+ Kg7 35. Rc8 Rb6 36. Qd8 1-0